MESTSKÁ KNIŽNICA GIRALTOVCE  - online katalóg 

Vybrané spisy (Record no. 15547)

000 -NÁVESTIE
fixed length control field 00319nam a2200133 a 4500
008 - ÚDAJE S PEVNOU DĹŽKOU – VŠEOBECNÉ INFORMÁCIE
fixed length control field 110107s1977|||| d
020 ## - MEDZINÁRODNÉ ŠTANDARDNÉ ČÍSLO KNIHY (ISBN)
Údaje o dostupnosti 19
044 ## - KÓD KRAJINY VYDAVATEĽA/PRODUCENTA
Kód krajiny MARC xo
Kód krajiny ISO SK
041 ## - KÓD JAZYKA
Kód jazyka textu/zvukovej stopy alebo samostatných nápisov slo
100 1# - OSOBNÉ MENÁ – VŠEOBECNÉ INFORMÁCIE
Osobné meno Marx, Karol
245 10 - NÁZOV
Názov Vybrané spisy
Číslo časti diela 2
Zvyšok názvu 1850 - 1866
260 ## - VYDAVATEĽSKÉ ÚDAJE, DISTRIBÚCIA ATĎ.
Názov vydavateľa, distibútora atď. Pravda
Miesto publikovania, distribúcie atď. Bratislava
Dátum publikovania, distribúcie atď. 1977
700 1# - PRIDANÝ VSTUP – OSOBNÉ MENO
Osobné meno Engels, Fridrich
Holdings
Stav stiahnutia (Blokovanie) (Withrawn status) Stav straty Stav poškodenia (Damaged status) Nie pre výpožičky (Not for loan) Spôsob nadobudnutia (Collection code) Trvalé umiestnenie Aktuálne umiestnenie Dátum nadobudnutia Náklady, bežná kúpna cena Inventárne číslo (prírastkové číslo) Full call number Dátum posledného výskytu Cena s účinnosťou od Typ jednotky Koha
Vyradený       Kúpa Mestská knižnica Giraltovce Mestská knižnica Giraltovce 2019-11-29 19.00 14570 K 117 2019-11-29 2019-11-29 Odborná literatúra pre dospelých

Powered by Koha